000 00691cam a2200253 4500
001 M86913
008 090401t1997 xxu||||| |||| 00| 0 eng d
035 _a(Sirsi) u81311
041 _aeng
050 _a333.0076
110 _aRoyal Institution of Chartered Surveyors
_94900
245 _aAPC candidates and employers guide.
260 _aLondon
_bRICS
_c1997
300 _a20,12p. ; 30cm.
350 _a0
520 _aSuperseded by 3rd edition 1999 (E103782)
650 _aAPC
_96216
650 _aAPC
_96216
650 _aCANDIDATES GUIDE
650 _aEMPLOYERS GUIDE
690 _aMANAGEMENT-BUSINESS MANAGEMENT-PROFESSIONAL PRACTICE
942 _n0
948 _c07/10/1997
999 _c96695
_d96695